| 000 | 00000nam 2200000zi 4500 |
| 001 | 9.913805 |
| 003 | CaOODSP |
| 005 | 20250107144057 |
| 006 | m o d f |
| 007 | cr cn||||||||| |
| 008 | 220726t20232023oncd obs f000 0 eng d |
| 020 | |a9780660447384 |
| 040 | |aCaOODSP|beng|erda|cCaOODSP |
| 043 | |an-cn--- |
| 086 | 1 |aCS91-520/2022-1E-PDF |
| 245 | 00|aPopulation projections for Canada (2021 to 2068), provinces and territories (2021 to 2043). |
| 264 | 1|a[Ottawa] : |bStatistics Canada = Statistique Canada, |c2023. |
| 264 | 4|c©2023 |
| 300 | |a1 online resource (12 pages) : |bgraphs |
| 336 | |atext|btxt|2rdacontent |
| 337 | |acomputer|bc|2rdamedia |
| 338 | |aonline resource|bcr|2rdacarrier |
| 500 | |aIssued also in French under title: Projections démographiques pour le Canada (2021 à 2068), les provinces et les territoires (2021 à 2043). |
| 500 | |a"Release date: April 27, 2023." |
| 504 | |aIncludes bibliographical references. |
| 650 | 0|aPopulation forecasting|zCanada|vStatistics. |
| 651 | 0|aCanada|xPopulation|vStatistics. |
| 655 | 7|aStatistics|2lcgft |
| 710 | 2 |aStatistics Canada, |eissuing body. |
| 775 | 08|tProjections démographiques pour le Canada (2021 à 2068), les provinces et les territoires (2021 à 2043).|w(CaOODSP)9.913807 |
| 794 | |tPopulation projections for Canada (2023 to 2073), provinces and territories (2023 to 2048).|w(CaOODSP)9.937934 |
| 795 | |tPopulation projections for Canada (2018 to 2068), provinces and territories (2018 to 2043).|w(CaOODSP)9.874518 |
| 856 | 40|qPDF|s442 KB|uhttps://publications.gc.ca/collections/collection_2023/statcan/91-520-x2022001-eng.pdf |
| 856 | 4 |qHTML|sN/A|uhttps://www150.statcan.gc.ca/n1/pub/91-520-x/91-520-x2022001-eng.htm |
| 986 | |a91-520-X |